| 000 | 00861nam a2200229 a 4500 | ||
|---|---|---|---|
| 005 | 20210223130551.0 | ||
| 008 | 080729s1980 mx r 000 0 spa d | ||
| 035 | _aUPN01000158465 | ||
| 049 | _aUNE | ||
| 080 | _a371.62: 373.3 (-77)=20 VIC No.24. | ||
| 100 | 1 | _aVickery, David | |
| 245 | 1 | 0 |
_aPrimary school construction : _bpointers to programme formulation and implementation / _cDavid Vickery. |
| 260 |
_aParís : _bUNESCO ; _aNew York : _bUNICEF, _c1980. |
||
| 300 |
_a21 (2) p. : _bfot. |
||
| 440 | 0 |
_aNotes, Comments ... ; _v24. |
|
| 690 | _aEdificios educacionales - Enseñanza primaria - Países en desarrollo | ||
| 690 | _aEscuela primaria - Edificios educacionales - Países en desarrollo | ||
| 690 | _aPaíses en desarrollo - Edificios educacionales - Enseñanza primaria | ||
| 710 | 2 | _aUNESCO | |
| 710 | 2 |
_aUNICEF. _924085 |
|
| 905 | _aUNESCO | ||
| 999 |
_c130579 _d130579 |
||